Gwiazdy lat 20. XXI wieku według zdjęć #1 - Statystyki

Ogólne statystyki
  • Ten quiz został rozwiązany 35 razy
  • Średni wynik to 9 z 20
Statystyki odpowiedzi
Obrazkowy Odpowiedź % Poprawnych
Elon Musk
97%
Kylian Mbappé
88%
Margot Robbie
72%
Billie Eilish
66%
MrBeast
63%
Zendaya
63%
Tom Holland
59%
Wołodymyr Zelenski
59%
Greta Thunberg
41%
Millie Bobby Brown
41%
Timothée Chalamet
41%
Max Verstappen
34%
The Weeknd
34%
Chris Evans
31%
Lil Nas X
31%
Joe Rogan
25%
Adam Driver
22%
Michael B. Jordan
22%
Gal Gadot
19%
Jung Kook
13%
Nie znaleziono quizów pasujących do podanych kryteriów
Rozkład punktacji
Procent ludzi z każdym wynikiem
Percentyl według liczby udzielonych odpowiedzi
Twoja historia wyników
Nie rozwiązałeś tego quizu